Utilització de residus de fusta com a combustible industrial / Enrique Buatas Costa ... ; traducció del castellà, Joan Nunes
Descripción Física:
72 p. ; 24 cm
MARC
| LEADER | 00000nam a2200000Ia 4500 | ||
|---|---|---|---|
| 001 | 1533 | ||
| 008 | 160829s1983 xx 000 0 cat d | ||
| 080 | |a C-1-202 | ||
| 100 | |a Buatas Costa, Enrique |9 32318 | ||
| 245 | |a Utilització de residus de fusta com a combustible industrial / Enrique Buatas Costa ... ; traducció del castellà, Joan Nunes | ||
| 260 | |a Barcelona : |b Generalitat de Catalunya, Departament d'Indústria i Energia, |c 1983 | ||
| 300 | |a 72 p. ; |c 24 cm | ||
| 650 | |a Fusta |x Combustió |9 32319 | ||
| 650 | |a Combustibles |x Indústria i comerç |9 32320 | ||
| 710 | 1 | |a Catalunya. |b Direcció General de Política Industrial i Tecnològica |9 56408 | |
| 901 | |a Arxiu | ||
| 942 | |n 1 | ||
| 952 | |0 0 |1 0 |4 0 |6 C1202 |7 1 |9 45944 |a Arxiu |b Arxiu |d 2016-12-01 |l 0 |o C-1-202 |p 1533 |r 2016-12-01 00:00:00 |w 2016-12-01 |y ARXIU | ||
| 999 | |c 49445 |d 49445 | ||